MARC details
| 000 -LEADER |
| campo de control de longitud fija |
02417nam a2200433 i 4500 |
| 001 - NÚMERO DE CONTROL |
| campo de control |
193159 |
| 003 - IDENTIFICADOR DE NÚMERO DE CONTROL |
| campo de control |
SpMaBN |
| 005 - FECHA Y HORA DE LA ÚLTIMA TRANSACCIÓN |
| campo de control |
20250825062646.0 |
| 007 - CAMPO FIJO DE DESCRIPCIÓN FÍSICA--INFORMACIÓN GENERAL |
| campo de control de longitud fija |
ta |
| 008 - DATOS DE LONGITUD FIJA--INFORMACIÓN GENERAL |
| campo de control de longitud fija |
230915s2007 sp | ||| ||spa |
| 016 7# - NÚMERO DE CONTROL DE UNA AGENCIA BIBLIOGRÁFICA NACIONAL |
| Número de control del registro |
bimoBNE20070374138 |
| Fuente |
SpMaBN |
| 017 ## - NÚMERO DE COPYRIGHT O DE DEPÓSITO LEGAL |
| Número de copyright o de depósito legal |
M 5183-2007 |
| Agencia que asigna |
Oficina Depósito Legal Madrid |
| 020 ## - NÚMERO INTERNACIONAL ESTÁNDAR DEL LIBRO |
| Número Internacional Estándar del Libro |
9788420471792 |
| 035 ## - NÚMERO DE CONTROL DEL SISTEMA |
| Número de control de sistema |
(OCoLC)137314236 |
| 035 ## - NÚMERO DE CONTROL DEL SISTEMA |
| Número de control de sistema |
bimo0002183069 |
| 040 ## - FUENTE DE CATALOGACIÓN |
| Centro catalogador/agencia de origen |
SpMaBN |
| Lengua de catalogación |
spa |
| Centro/agencia transcriptor |
SpMaBN |
| Normas de descripción |
rdc |
| Centro/agencia modificador |
Es-MaACL |
| 080 ## - NÚMERO DE LA CLASIFICACIÓN DECIMAL UNIVERSAL |
| Número de la Clasificación Decimal Universal |
087.5:82 |
| 100 1# - ENTRADA PRINCIPAL--NOMBRE DE PERSONA |
| Nombre de persona |
Montero, Rosa, |
| Fechas asociadas al nombre |
1951- |
| Número de control del registro de autoridad o número normalizado |
XX968899 |
| Término indicativo de función/relación |
Autor |
| 9 (RLIN) |
82503 |
| 245 10 - MENCIÓN DEL TÍTULO |
| Título |
Bárbara contra el Doctor Colmillos / |
| Mención de responsabilidad, etc. |
Rosa Montero ; ilustraciones de Daniel Torres |
| 250 ## - MENCION DE EDICION |
| Mención de edición |
Segunda edición: febrero 2008 |
| 264 #1 - PRODUCCIÓN, PUBLICACIÓN, DISTRIBUCIÓN, FABRICACIÓN Y COPYRIGHT |
| Producción, publicación, distribución, fabricación y copyright |
[Madrid] : |
| Nombre del de productor, editor, distribuidor, fabricante |
Alfaguara, |
| Fecha de producción, publicación, distribución, fabricación o copyright |
2008 |
| 300 ## - DESCRIPCIÓN FÍSICA |
| Extensión |
143 páginas : |
| Otras características físicas |
ilustraciones (blanco y negro) ; |
| Dimensiones |
20 cm |
| 336 ## - TIPO DE CONTENIDO |
| Fuente |
rdacontent |
| Término de tipo de contenido |
Texto |
| 337 ## - TIPO DE MEDIO |
| Fuente |
rdamedia |
| Nombre/término del tipo de medio |
sin mediación |
| 338 ## - TIPO DE SOPORTE |
| Fuente |
rdacarrier |
| Nombre/término del tipo de soporte |
volumen |
| 490 1# - MENCIÓN DE SERIE |
| Mención de serie |
Alfaguara infantil |
| 520 ## - RESUMEN, ETC. |
| Sumario, etc. |
Vuelven Bárbara y su pandilla: Tulipa (su hermano), el Baboso y su amiga Margarita (la mendiga), Canela (su perro), Nicolas (el chico guapo de la historia), Flosss (la reina de los gatos), Grup (el primer ministro de Ratonia, República Independiente de Roedores) y el Doctor Colmillos (un dentista loco, que nos hará pasarlas moradas con su ejército de dentaduras claqueantes). Un día Bárbara se despierta y ve que la gente se comporta de manera extraña: la asistenta pretende lavar la ropa con aceite, los peatones andan hacia atrás... Bárbara, Margarita, Canela, Tulipa y el Baboso ponen manos a la obra, porque el caos lo invade todo. El mundo se arreglará al final con la inestimable ayuda del Bestiario, un libro viejísimo, que nos vuelve a demostrar que los libros siempre vencen al caos y el saber a la barbarie |
| 655 #7 - TERMINO DE INDIZACIÓN--GENERO/FORMA |
| Datos o término principal de género/forma |
Libros infantiles |
| Fuente del término |
tgfbne |
| 9 (RLIN) |
226786 |
| 655 #7 - TERMINO DE INDIZACIÓN--GENERO/FORMA |
| Datos o término principal de género/forma |
Libros ilustrados |
| Fuente del término |
tgfbne |
| 9 (RLIN) |
193653 |
| 700 ## - ENTRADA AGREGADA--NOMBRE PERSONAL |
| Nombre de persona |
Torres, Daniel, |
| Fechas asociadas al nombre |
1958- |
| 9 (RLIN) |
234221 |
| Término indicativo de función/relación |
Ilustrador |
| 830 ## - PUNTO DE ACCESO ADICIONAL DE SERIE-TÍTULO UNIFORME |
| 9 (RLIN) |
223305 |
| Título uniforme |
Alfaguara infantil |
| 852 ## - LOCALIZACIÓN |
| Ubicación |
ES-MaACL |
| itemnumber |
200517 |
| Número de control de estantería |
N-9485 |
| Ubicación en estantería |
Depósito J |
| Anotaciones manuscritas |
Dedicatoria autógrafa de la autora |
| Donativo/Legado |
Donación: Rosa Montero |
| Sublocalización o colección |
R. 154561 |
| Encuadernación |
Encuadernación rústica |
| 903 ## - NOMBRE PERSONAL DE DONANTE |
| a |
Montero, Rosa, |
| d |
1951- |
| e |
Donante |
| 9 |
82503 |
| 942 ## - ELEMENTOS DE ENTRADA SECUNDARIOS (KOHA) |
| Suprimir en OPAC |
No |
| Tipo de ítem Koha |
Libro impreso |